000 01028nam0a22002771 4500
001 rc\2298604
005 20110829140252.0
035 _a(NLR Aleph) 006568631
090 _a6920884
_c6920884
100 _a20110829d1977 |||y0rusy50 ca
101 0 _arus
102 _aRU
105 _ay z |||||
200 1 _aВеликая Октябрьская социалистическая революция - главное событие XX века
210 _aМосква
_cЗнание
_d1977
215 _a64 с.
_d20
225 1 _aБиблиотечка "Великой Октябрьской социалистической революции - 60 лет"
300 _aПеред загл. авт.: А.С. Дубинин, д. ист. н., проф.
700 1 _aДубинин
_bА. С.
_gАлексей Сергеевич
801 0 _aRU
_bNLR
_gpsbo
801 1 _aRU
_bELAR
_2rusmarc
852 _aNLR
_j77-4/23961
899 _aRuMoRGB
_jБ 77-55/2529
899 _aRuMoRGB
_jБ 77-55/2530
942 _cBOOK
980 _aNB